[Event "Aust Junior Open "]
[Site "Perth "]
[Date "2002.01.17"]
[Round "5.15"]
[White "Kimura, Toshi"]
[Black "Wallis, Christopher"]
[Result "1-0"]
[WhiteElo "1723"]
[BlackElo "1430"]
[PlyCount "48"]
[EventDate "2004.01.14"]
[EventType "swiss"]
[EventRounds "11"]
[EventCountry "AUS"]

1. e4 c5 2. Nf3 d6 3. c3 Nf6 4. Be2 Nc6 5. d4 cxd4 6. cxd4 Nxe4 7. d5 Qa5+ 8.
Nc3 Nxc3 9. bxc3 Ne5 10. Nxe5 Qxc3+ 11. Bd2 Qxe5 12. O-O Qxd5 13. Bf3 Qd4 14.
Qe2 Bd7 15. Bxb7 Rb8 16. Rab1 e6 17. Be3 Qe5 18. Qa6 d5 19. g3 Qd6 20. Qxa7 Be7
21. Rfc1 Rd8 22. Rc3 Qb8 23. Qa5 Qd6 24. Bb6 O-O 1-0

[Event "Aust Junior Open "]
[Site "Perth "]
[Date "2004.01.17"]
[Round "5.16"]
[White "Wang, Zhengbo"]
[Black "Sreetharan, Kishore"]
[Result "1-0"]
[WhiteElo "1684"]
[BlackElo "1509"]
[PlyCount "53"]
[EventDate "2004.01.14"]
[EventType "swiss"]
[EventRounds "11"]
[EventCountry "AUS"]

1. e4 c6 2. d4 d5 3. exd5 cxd5 4. c4 Nc6 5. Nc3 Nf6 6. Nf3 Bg4 7. Be3 e6 8. Qb3
Bb4 9. Ne5 Qb6 10. c5 Bxc3+ 11. Qxc3 Qc7 12. Bb5 O-O 13. Nxc6 bxc6 14. Bd3 Rfe8
15. h3 Bf5 16. Bxf5 exf5 17. O-O Ne4 18. Qc1 Rab8 19. Bf4 Qa5 20. f3 Nf6 21.
Bxb8 Rxb8 22. Qf4 Rxb2 23. Rab1 Qb5 24. Qxf5 h6 25. Kh1 Qe2 26. Rxb2 Qxb2 27.
Rb1 1-0

[Event "Aust Junior Open "]
[Site "Perth "]
[Date "2004.01.17"]
[Round "5.17"]
[White "Ferris, Shaun"]
[Black "Chu, Louis"]
[Result "0-1"]
[WhiteElo "1641"]
[BlackElo "1125"]
[PlyCount "90"]
[EventDate "2004.01.14"]
[EventType "swiss"]
[EventRounds "11"]
[EventCountry "AUS"]

1. c4 Nf6 2. g3 g6 3. Bg2 Bg7 4. Nc3 d6 5. d4 Nc6 6. Nf3 O-O 7. O-O Bf5 8. Ne1
Qd7 9. e4 Bh3 10. Nf3 Bxg2 11. Kxg2 e5 12. d5 Na5 13. Qe2 b6 14. b4 Nb7 15. Rb1
Rfe8 16. h3 Nh5 17. Rb2 f5 18. Qc2 h6 19. Nd2 f4 20. g4 Nf6 21. f3 g5 22. Kf2
Kf7 23. Nb3 c5 24. dxc6 Qxc6 25. Nd2 Rh8 26. Qb3 Kg6 27. Nd5 Nxd5 28. exd5 Qd7
29. Qd3+ Kf7 30. Ne4 Rac8 31. Rc2 Bf6 32. Ba3 Be7 33. Ke1 Rc7 34. Kd1 Rhc8 35.
Kc1 Kg7 36. Kb1 Kf7 37. Bc1 Kg7 38. Bd2 Rf8 39. Be1 Rh8 40. Rh2 h5 41. gxh5
Rxh5 42. h4 gxh4 43. Rg1+ Kf8 44. Nc5 bxc5 45. Qg6 Qf5+ 0-1

[Event "Aust Junior Open "]
[Site "Perth "]
[Date "2004.01.17"]
[Round "5.18"]
[White "Haselgrove, Miles"]
[Black "Yu, Chris"]
[Result "0-1"]
[WhiteElo "1434"]
[BlackElo "1589"]
[PlyCount "98"]
[EventDate "2004.01.14"]
[EventType "swiss"]
[EventRounds "11"]
[EventCountry "AUS"]

1. e4 c5 2. Nf3 e6 3. d4 cxd4 4. Nxd4 a6 5. Bd3 Qc7 6. Nc3 b5 7. O-O Bb7 8. Qe2
Nc6 9. Nb3 Bb4 10. Bd2 Nf6 11. Nd5 Nxd5 12. exd5 Bxd2 13. Nxd2 Nb4 14. dxe6
dxe6 15. c3 Nxd3 16. Qxd3 Rd8 17. Qe2 Bd5 18. Rfd1 O-O 19. Nf1 Bc4 20. Qc2 e5
21. Ne3 Be6 22. b3 f6 23. Rd2 Rc8 24. Rc1 Rfe8 25. Qd1 Qa5 26. c4 bxc4 27. Nxc4
Bxc4 28. Rxc4 Rxc4 29. bxc4 Rc8 30. Rc2 Rd8 31. Qe2 Qc5 32. h3 Rd4 33. g3 f5
34. Kg2 Re4 35. Qd3 Qd4 36. Qf1 f4 37. g4 Qc5 38. Qd3 Rd4 39. Qe2 e4 40. Kh1
Qa3 41. Kh2 Qd3 42. Qxd3 exd3 43. Rd2 Kf7 44. Kg2 Ke6 45. Kf1 Kd6 46. Ke1 Kc5
47. Rb2 Re4+ 48. Kd1 Re7 49. a3 f3 0-1

[Event "Aust Junior Open "]
[Site "Perth "]
[Date "2004.01.17"]
[Round "5.19"]
[White "Maguire, Jesse"]
[Black "Vijaykumar, Rukman"]
[Result "0-1"]
[WhiteElo "1321"]
[BlackElo "1577"]
[PlyCount "36"]
[EventDate "2004.01.14"]
[EventType "swiss"]
[EventRounds "11"]
[EventCountry "AUS"]

1. e4 d5 2. exd5 Qxd5 3. Nc3 Qa5 4. Nf3 Nf6 5. h3 c6 6. b3 e5 7. Bc4 b5 8. Bd3
Be7 9. Nxe5 b4 10. Nc4 Qg5 11. Qe2 bxc3 12. Nd6+ Kd7 13. Nxf7 Qxg2 14. Rf1 Re8
15. Kd1 Bd6 16. Bf5+ Kc7 17. Qd3 Bxf5 18. Qxd6+ Kc8 0-1

[Event "Aust Junior Open "]
[Site "Perth "]
[Date "2002.01.17"]
[Round "5.20"]
[White "Tran, Christopher"]
[Black "Chapman, Mark"]
[Result "1/2-1/2"]
[WhiteElo "1516"]
[BlackElo "1639"]
[PlyCount "56"]
[EventDate "2004.01.14"]
[EventType "swiss"]
[EventRounds "11"]
[EventCountry "AUS"]

1. d4 Nf6 2. Bg5 Ne4 3. Bf4 d5 4. e3 c5 5. Bd3 g6 6. Bxe4 dxe4 7. Nc3 Bf5 8.
Nge2 Bg7 9. h3 Nc6 10. g4 Bc8 11. dxc5 Qa5 12. Qd2 Qxc5 13. O-O-O O-O 14. Qd5
Qb6 15. Qb5 Be6 16. Qxb6 axb6 17. a3 Na5 18. Nd5 Nc4 19. c3 Bxd5 20. Rxd5 e5
21. Bh2 f5 22. gxf5 Rxf5 23. Bg3 Ra5 24. Rhd1 Rf8 25. Kc2 Re8 26. Nc1 Bh6 27.
Rd8 Kf8 28. Kb3 Rc5 1/2-1/2

[Event "Aust Junior Open "]
[Site "Perth "]
[Date "2004.01.17"]
[Round "5.21"]
[White "van Heerden, Daniel"]
[Black "Guo Yuthok, Sherab"]
[Result "1-0"]
[WhiteElo "1532"]
[BlackElo "1482"]
[PlyCount "57"]
[EventDate "2004.01.14"]
[EventType "swiss"]
[EventRounds "11"]
[EventCountry "AUS"]

1. c4 d6 2. Nc3 e5 3. Nf3 f5 4. d4 e4 5. Ng5 Be7 6. h4 Nc6 7. e3 Bxg5 8. Qh5+
g6 9. Qxg5 Qxg5 10. hxg5 Nb4 11. Kd1 c6 12. Bd2 Na6 13. d5 c5 14. Ne2 h5 15.
Bc3 Rh7 16. Nf4 Kf7 17. Be2 Ne7 18. Bf6 Ng8 19. Bc3 Ne7 20. Kd2 Bd7 21. b3 Re8
22. Rh2 Bc8 23. Rah1 Nb8 24. Nxh5 Nd7 25. Nf6 Rxh2 26. Rxh2 Nxf6 27. gxf6 Ng8
28. Rh7+ Kf8 29. f7 1-0

[Event "Aust Junior Open "]
[Site "Perth "]
[Date "2004.01.17"]
[Round "5.22"]
[White "van Dijk, Devrim"]
[Black "Guzel, Adam"]
[Result "0-1"]
[WhiteElo "1530"]
[BlackElo "1346"]
[PlyCount "72"]
[EventDate "2004.01.14"]
[EventType "swiss"]
[EventRounds "11"]
[EventCountry "AUS"]

1. e4 e5 2. Nf3 Nc6 3. Bb5 Bc5 4. O-O Qf6 5. c3 Nge7 6. d3 h6 7. Be3 Bb6 8. d4
exd4 9. cxd4 O-O 10. Nc3 d6 11. h3 Qg6 12. Kh1 f5 13. Bc4+ Kh8 14. exf5 Nxf5
15. Nd5 Nfe7 16. Nxb6 axb6 17. a3 Qh5 18. Nh2 Qh4 19. Qd2 Nf5 20. Rad1 Bd7 21.
Be2 Rae8 22. Ng4 h5 23. Bg5 Rxe2 24. Qc1 Rc2 25. Bxh4 Rxc1 26. Rxc1 hxg4 27. d5
Nxh4 28. dxc6 Bxc6 29. f3 gxh3 30. gxh3 Nxf3 31. Rfd1 Ng5+ 32. Kh2 Rf2+ 33. Kg3
Ne4+ 34. Kg4 Bd7+ 35. Kh5 Rf4 36. Rxc7 Be8+ 0-1

[Event "Aust Junior Open "]
[Site "Perth "]
[Date "2004.01.17"]
[Round "5.23"]
[White "Tse, Jeffrey"]
[Black "Donaldson, Thomas"]
[Result "0-1"]
[WhiteElo "1337"]
[BlackElo "1520"]
[PlyCount "78"]
[EventDate "2004.01.14"]
[EventType "swiss"]
[EventRounds "11"]
[EventCountry "AUS"]

1. e4 Nf6 2. e5 Nd5 3. d4 d6 4. Nf3 Nc6 5. Bc4 Nb6 6. Bb3 dxe5 7. Nxe5 Nxe5 8.
dxe5 Qxd1+ 9. Kxd1 Bd7 10. Bf4 e6 11. Ke2 Bb4 12. Kf3 h5 13. Nc3 Bc6+ 14. Kg3
O-O-O 15. Rad1 Bc5 16. Bg5 Rxd1 17. Rxd1 h4+ 18. Bxh4 Bxf2+ 19. Kxf2 Rxh4 20.
Kg3 Rh5 21. Rf1 Be8 22. Re1 Rg5+ 23. Kh3 Nd7 24. Ba4 c6 25. Ne4 Rxe5 26. Nd6+
Kd8 27. Rxe5 Nxe5 28. Nxb7+ Kc7 29. Nc5 Kb6 30. Nd3 Nxd3 31. cxd3 Kc5 32. Bb3
Kd4 33. Bc4 e5 34. b3 f6 35. Kg4 Bg6 36. h4 Bxd3 37. Bf7 e4 38. Kg3 e3 39. Bh5
Kc3 0-1

[Event "Aust Junior Open "]
[Site "Perth "]
[Date "2004.01.17"]
[Round "5.24"]
[White "Martin, Richard"]
[Black "Holland, Denis"]
[Result "0-1"]
[WhiteElo "1237"]
[BlackElo "1531"]
[PlyCount "46"]
[EventDate "2004.01.14"]
[EventType "swiss"]
[EventRounds "11"]
[EventCountry "AUS"]

1. e4 e5 2. Nf3 Nc6 3. Bb5 a6 4. Bxc6 dxc6 5. Nc3 Bd6 6. d4 Bg4 7. dxe5 Bxf3 8.
Qxf3 Bxe5 9. Bf4 Qf6 10. Bxe5 Qxe5 11. Rd1 Nf6 12. O-O O-O 13. Qe2 Rfe8 14.
Rfe1 Rad8 15. Rxd8 Rxd8 16. Rd1 Rd6 17. g3 g5 18. Re1 h5 19. Qe3 Ng4 20. f4
gxf4 21. Qxf4 Qc5+ 22. Kg2 Rf6 23. Na4 Qxc2+ 0-1

[Event "Aust Junior Open "]
[Site "Perth "]
[Date "2004.01.17"]
[Round "5.25"]
[White "Muthusamy, Reubban"]
[Black "McGowan, Daniel"]
[Result "1-0"]
[WhiteElo "1389"]
[BlackElo "948"]
[PlyCount "34"]
[EventDate "2004.01.14"]
[EventType "swiss"]
[EventRounds "11"]
[EventCountry "AUS"]

1. e4 c5 2. Nf3 d6 3. c3 Nf6 4. Be2 e6 5. O-O Be7 6. Bb5+ Bd7 7. Bxd7+ Qxd7 8.
Re1 Nc6 9. d4 cxd4 10. cxd4 Rc8 11. Nc3 O-O 12. Be3 a6 13. Qb3 Na5 14. Qc2 Nc4
15. Rad1 d5 16. Ne5 Nxe5 17. dxe5 Nxe4 1-0

[Event "Aust Junior Open "]
[Site "Perth "]
[Date "2004.01.17"]
[Round "5.26"]
[White "Scott, Christopher"]
[Black "Humphries, Ryan"]
[Result "0-1"]
[WhiteElo "857"]
[BlackElo "1238"]
[PlyCount "68"]
[EventDate "2004.01.14"]
[EventType "swiss"]
[EventRounds "11"]
[EventCountry "AUS"]

1. e4 c5 2. g3 Nc6 3. Bg2 g6 4. Ne2 Bg7 5. O-O Nf6 6. d3 O-O 7. f4 Qb6 8. Kh1
e5 9. c3 c4 10. d4 exd4 11. Nxd4 Nxd4 12. Qxd4 Qxd4 13. cxd4 Rd8 14. Nd2 d5 15.
e5 Ng4 16. Nf3 Bf5 17. h3 Nh6 18. g4 Be4 19. Nd2 Bxg2+ 20. Kxg2 Kf8 21. f5 Ke8
22. b3 b5 23. Nf3 gxf5 24. Bxh6 Bxh6 25. gxf5 Rac8 26. h4 Be3 27. Rfe1 Bf4 28.
Re2 c3 29. Rc2 b4 30. Kf2 Kd7 31. a3 a5 32. axb4 axb4 33. Ra4 Rb8 34. Ra7+ Ke8
{...} 0-1

[Event "Aust Junior Open "]
[Site "Perth "]
[Date "2004.01.19"]
[Round "6.1"]
[White "Huang, Justin"]
[Black "Bourmistrov, Denis"]
[Result "0-1"]
[WhiteElo "1596"]
[BlackElo "2030"]
[PlyCount "60"]
[EventDate "2004.01.14"]
[EventType "swiss"]
[EventRounds "11"]
[EventCountry "AUS"]

1. b3 d6 2. Bb2 e5 3. e3 Nc6 4. c4 Nf6 5. Nc3 g6 6. d3 Bg7 7. Nf3 O-O 8. Be2
Re8 9. O-O a5 10. a3 d5 11. d4 exd4 12. Nxd4 Nxd4 13. exd4 Bf5 14. Bf3 dxc4 15.
bxc4 Ne4 16. Nxe4 Bxe4 17. Re1 Bxf3 18. Rxe8+ Qxe8 19. Qxf3 Rd8 20. c5 Qb5 21.
Bc3 Bxd4 22. Bxd4 Rxd4 23. Qf6 Qxc5 24. Re1 Re4 25. Rd1 Re8 26. h4 Qe7 27. Qc3
Qe5 28. Qb3 b6 29. Rd7 Qe1+ 30. Kh2 Qxf2 0-1

[Event "Aust Junior Open "]
[Site "Perth "]
[Date "2004.01.19"]
[Round "6.2"]
[White "Hu, Jason"]
[Black "Wongwitchit, Phachara"]
[Result "1-0"]
[WhiteElo "1590"]
[BlackElo "1773"]
[PlyCount "97"]
[EventDate "2004.01.14"]
[EventType "swiss"]
[EventRounds "11"]
[EventCountry "AUS"]

1. c4 e6 2. Nf3 d5 3. e3 Nf6 4. Be2 Bd6 5. O-O O-O 6. d4 c6 7. Nc3 Nbd7 8. Qc2
Re8 9. e4 dxe4 10. Nxe4 Nxe4 11. Qxe4 e5 12. Bg5 f6 13. c5 exd4 14. Bc4+ Kh8
15. Qxd4 Bxc5 16. Qh4 Ne5 17. Nxe5 Rxe5 18. Rad1 Qf8 19. Bd2 Bf5 20. Bb3 Rae8
21. Bc3 Re2 22. Qf4 Bg6 23. Rd7 b5 24. a3 a5 25. Bd1 R2e4 26. Qc7 b4 27. axb4
axb4 28. Bd2 R4e6 29. Bf3 Bd6 30. Qb7 Rb8 31. Qa6 c5 32. Qc4 Rbe8 33. g3 Be5
34. Be3 Bd6 35. Rd1 h6 36. h4 Bf5 37. Qd5 Rxe3 38. Qxf5 R3e5 39. Qg6 Bb8 40.
Rf7 Re1+ 41. Kg2 Qg8 42. Rdd7 Qh7 43. Qxh7+ Kxh7 44. Rxg7+ Kh8 45. Rh7+ Kg8 46.
Bd5+ R1e6 47. Rdg7+ Kf8 48. Rb7 R6e7 49. Rhxe7 1-0

[Event "Aust Junior Open "]
[Site "Perth "]
[Date "2004.01.19"]
[Round "6.3"]
[White "Ly, Moulthun"]
[Black "Obst, James"]
[Result "0-1"]
[WhiteElo "1646"]
[BlackElo "1539"]
[PlyCount "78"]
[EventDate "2004.01.14"]
[EventType "swiss"]
[EventRounds "11"]
[EventCountry "AUS"]

1. e4 d5 2. d4 dxe4 3. Nc3 Nf6 4. f3 exf3 5. Nxf3 Bf5 6. Nh4 Bg6 7. Bc4 e6 8.
O-O Be7 9. Nxg6 hxg6 10. Bf4 c6 11. Qd3 b5 12. Bb3 Bd6 13. Rae1 Bxf4 14. Rxf4
Qd6 15. g3 Nbd7 16. Ne4 Nxe4 17. Rfxe4 O-O-O 18. Rf4 Nf6 19. Re5 Rh5 20. Qc3 g5
21. Rc5 Kb7 22. Rf2 Rd7 23. Rxf6 gxf6 24. d5 Rc7 25. Qb4 Kc8 26. Qd4 cxd5 27.
Rxb5 Qe5 28. Qb4 Qe3+ 29. Kf1 Qf3+ 30. Kg1 Qd1+ 31. Kg2 Qe2+ 32. Kg1 Qxh2+ 33.
Kf1 Qh1+ 34. Ke2 Rh2+ 35. Ke3 Qg1+ 36. Kf3 Qf1+ 37. Ke3 Re2+ 38. Kd3 Qf3+ 39.
Kd4 e5# 0-1

[Event "Aust Junior Open "]
[Site "Perth "]
[Date "2004.01.19"]
[Round "6.4"]
[White "Neeman, Jeremy"]
[Black "Jager, Jesse"]
[Result "1-0"]
[WhiteElo "1548"]
[BlackElo "1598"]
[PlyCount "87"]
[EventDate "2004.01.14"]
[EventType "swiss"]
[EventRounds "11"]
[EventCountry "AUS"]

1. e4 c5 2. b3 e5 3. Bb2 d6 4. f4 exf4 5. Nf3 Nf6 6. Nc3 Be7 7. Bc4 O-O 8. Qe2
a6 9. Bd5 Ra7 10. g3 fxg3 11. O-O-O Bg4 12. hxg3 b5 13. Rdf1 b4 14. Nd1 Nxd5
15. Qh2 h5 16. exd5 Bf6 17. Ne3 Bxb2+ 18. Kxb2 Qf6+ 19. Kb1 Bxf3 20. g4 Bxh1
21. Rxf6 gxf6 22. Qxh1 f5 23. Qxh5 f6 24. Nxf5 Rh7 25. Qg6+ Kh8 26. Nxd6 Nd7
27. Ne4 a5 28. Qf5 Re7 29. g5 fxg5 30. Qxg5 Rff7 31. d3 Re5 32. Qh4+ Kg8 33.
Nxc5 Rxd5 34. Qg4+ Kf8 35. Nxd7+ Rfxd7 36. Kb2 Ke7 37. Qe4+ Kd8 38. a3 bxa3+
39. Kxa3 Kc7 40. Kb2 Kb6 41. Kc3 R7d6 42. d4 Kb5 43. Kd3 Kb4 44. Qe1+ 1-0

[Event "Aust Junior Open "]
[Site "Perth "]
[Date "2004.01.19"]
[Round "6.5"]
[White "Chow, Sam"]
[Black "Stojic, Svetozar"]
[Result "1-0"]
[WhiteElo "2130"]
[BlackElo "1700"]
[PlyCount "63"]
[EventDate "2004.01.14"]
[EventType "swiss"]
[EventRounds "11"]
[EventCountry "AUS"]

1. e4 c5 2. Nc3 Nc6 3. f4 g6 4. Nf3 Bg7 5. Bb5 Nd4 6. O-O Nxb5 7. Nxb5 d5 8.
exd5 a6 9. Nc3 Nf6 10. d4 c4 11. Qe2 b5 12. a4 Rb8 13. axb5 axb5 14. Ra7 b4 15.
Ne5 Rb7 16. Nc6 Qd7 17. Rxb7 Qxb7 18. Nb5 Qd7 19. Qxc4 Nxd5 20. Re1 e6 21. Nb8
Qd8 22. Qc6+ Ke7 23. Qc5+ Kf6 24. Nc6 Bf8 25. Qc4 Qb6 26. Ne5 Kg7 27. Qxc8 Qxb5
28. f5 Ne7 29. f6+ Kxf6 30. Ng4+ Kf5 31. Qc7 Nd5 32. Qe5+ 1-0

[Event "Aust Junior Open "]
[Site "Perth "]
[Date "2004.01.19"]
[Round "6.6"]
[White "Oliver, Shannon"]
[Black "Wei, Michael"]
[Result "0-1"]
[WhiteElo "1580"]
[BlackElo "1870"]
[PlyCount "82"]
[EventDate "2004.01.14"]
[EventType "swiss"]
[EventRounds "11"]
[EventCountry "AUS"]

1. e4 Nc6 2. d4 d5 3. exd5 Qxd5 4. Nf3 Bg4 5. Be2 O-O-O 6. Be3 Nf6 7. O-O Qf5
8. c3 e5 9. Qa4 e4 10. Nh4 Qh5 11. Bxg4+ Nxg4 12. g3 Be7 13. Qd1 Bxh4 14. h3
Nce5 15. hxg4 Nxg4 16. gxh4 Qxh4 17. Bf4 Rd5 18. Qe2 Rg5 19. Bg3 Nxf2 20. Rxf2
Rxg3+ 21. Rg2 Re8 22. Nd2 Rxg2+ 23. Qxg2 Re6 24. Kf1 Rg6 25. Qxe4 Rf6+ 26. Ke2
Re6 27. Kd3 Rxe4 28. Nxe4 f5 29. Nd2 Qg3+ 30. Ke2 f4 31. Rf1 Qe3+ 32. Kd1 g5
33. Rh1 g4 34. Rxh7 g3 35. Rg7 Qg1+ 36. Kc2 g2 37. Rg8+ Kd7 38. Rg7+ Ke6 39.
Rxc7 Qf2 40. Rg7 g1=Q 41. Rxg1 Qxg1 0-1

[Event "Aust Junior Open "]
[Site "Perth "]
[Date "2004.01.19"]
[Round "6.7"]
[White "Suttor, Vincent"]
[Black "Vishwanath, Ganesh"]
[Result "1-0"]
[WhiteElo "1828"]
[BlackElo "1551"]
[PlyCount "71"]
[EventDate "2004.01.14"]
[EventType "swiss"]
[EventRounds "11"]
[EventCountry "AUS"]

1. d4 Nf6 2. c4 g6 3. Nc3 Bg7 4. e4 d6 5. f3 O-O 6. Be3 e5 7. d5 Nh5 8. Qd2 f5
9. O-O-O f4 10. Bf2 Bf6 11. Nge2 Bh4 12. Bg1 a5 13. c5 Na6 14. cxd6 cxd6 15.
Kb1 Bd7 16. Nc1 Qe8 17. Qe2 Nc7 18. Bb6 Bd8 19. Nb3 a4 20. Nd2 Ra6 21. Qf2 Ra8
22. Nc4 Rf6 23. Na3 Na6 24. Bb5 Nc5 25. Bxc5 dxc5 26. Qxc5 Bb6 27. Bxd7 Qxd7
28. Qb5 Qe7 29. Nc4 Bd4 30. Ne2 Bc5 31. d6 Qe6 32. Qxc5 Rc8 33. Qxe5 Qxc4 34.
Qd5+ Qxd5 35. Rxd5 Rd8 36. e5 1-0

[Event "Aust Junior Open "]
[Site "Perth "]
[Date "2004.01.19"]
[Round "6.8"]
[White "Zvedeniouk, Ilia"]
[Black "Yu, Michael"]
[Result "0-1"]
[WhiteElo "1922"]
[BlackElo "1736"]
[PlyCount "57"]
[EventDate "2004.01.14"]
[EventType "swiss"]
[EventRounds "11"]
[EventCountry "AUS"]

1. e4 Nf6 2. e5 Nd5 3. d4 d6 4. Nf3 Bf5 5. Bd3 Bg6 6. Bxg6 hxg6 7. e6 fxe6 8.
Ng5 c6 9. Qd3 Rh6 10. Nxe6 Qb6 11. Bxh6 Qxb2 12. Qxg6+ Kd7 13. Nxf8+ Kc7 14.
Ne6+ Kb6 15. O-O Qxa1 16. Bd2 Qxa2 17. c4 Qxc4 18. Na3 Qa2 19. Qd3 a6 20. Nc4+
Ka7 21. Rb1 Nd7 22. Na5 N7b6 23. Nxg7 Rg8 24. Nf5 Rb8 25. Qb3 Qxd2 26. Nc4 Nxc4
27. Qxc4 Rf8 28. Qb3 b5 29. Qh3 0-1

[Event "Aust Junior Open "]
[Site "Perth "]
[Date "2004.01.19"]
[Round "6.9"]
[White "Stojic, Dusan"]
[Black "Kimura, Toshi"]
[Result "1-0"]
[WhiteElo "1863"]
[BlackElo "1723"]
[PlyCount "113"]
[EventDate "2004.01.14"]
[EventType "swiss"]
[EventRounds "11"]
[EventCountry "AUS"]

1. e4 c5 2. Nf3 Nc6 3. d4 cxd4 4. Nxd4 Nf6 5. Nc3 e5 6. Ndb5 d6 7. Bg5 a6 8.
Na3 b5 9. Nd5 Be7 10. Bxf6 Bxf6 11. c3 Bg5 12. Nc2 f5 13. exf5 Bxf5 14. Nce3
Be6 15. Qf3 Bxe3 16. fxe3 Rc8 17. e4 Ne7 18. a4 Bxd5 19. exd5 Qb6 20. axb5 axb5
21. Qf2 Qxf2+ 22. Kxf2 O-O+ 23. Kg3 Rf4 24. h3 b4 25. c4 Nf5+ 26. Kh2 Ne3 27.
b3 Rcf8 28. Bd3 e4 29. Rhe1 Nxg2 30. Rxe4 Rf2 31. Kg1 Rd2 32. Rd4 Kh8 33. Rf1
Rxf1+ 34. Kxf1 g6 35. c5 dxc5 36. d6 Ne3+ 37. Kg1 cxd4 38. d7 Rxd3 39. d8=Q+
Kg7 40. Qe7+ Kh6 41. Qxb4 Nc2 42. Qf8+ Kh5 43. Qc5+ Kh4 44. Qxc2 Rg3+ 45. Kf2
Kxh3 46. Qc8+ Rg4 47. b4 h5 48. b5 Kh2 49. b6 Rf4+ 50. Ke2 d3+ 51. Kxd3 Rb4 52.
b7 h4 53. b8=Q+ Rxb8 54. Qxb8+ Kg2 55. Ke2 h3 56. Qb7+ Kg1 57. Kf3 1-0

[Event "Aust Junior Open "]
[Site "Perth "]
[Date "2004.01.19"]
[Round "6.10"]
[White "Oliver, Gareth"]
[Black "Wang, Zhengbo"]
[Result "1-0"]
[WhiteElo "1844"]
[BlackElo "1684"]
[PlyCount "79"]
[EventDate "2004.01.14"]
[EventType "swiss"]
[EventRounds "11"]
[EventCountry "AUS"]

1. Nf3 Nf6 2. d4 d5 3. c4 e6 4. Nc3 Be7 5. Bf4 O-O 6. e3 b6 7. cxd5 exd5 8. Rc1
Bb7 9. Bd3 Na6 10. O-O c5 11. Ne5 Nb4 12. Bb1 Nc6 13. Qd3 Nb4 14. Qd1 Nd7 15.
Qh5 g6 16. Qh6 Bf6 17. Nxd7 Qxd7 18. Be5 Bxe5 19. dxe5 Rae8 20. f4 f6 21. f5
Qg7 22. Qxg7+ Kxg7 23. e6 gxf5 24. Bxf5 Bc8 25. a3 Nc6 26. Nxd5 Ne7 27. e4 Bb7
28. Rcd1 Nc6 29. Nf4 Nd4 30. Rd3 Ba6 31. Rg3+ Kh8 32. Re1 Re7 33. Rh3 Kg8 34.
Ree3 Nxf5 35. exf5 c4 36. Reg3+ Rg7 37. Rxg7+ Kxg7 38. Nh5+ Kh8 39. e7 Re8 40.
Re3 1-0

[Event "Aust Junior Open "]
[Site "Perth "]
[Date "2004.01.19"]
[Round "6.11"]
[White "Yu, Chris"]
[Black "Xie, Ken"]
[Result "1/2-1/2"]
[WhiteElo "1589"]
[BlackElo "1802"]
[PlyCount "109"]
[EventDate "2004.01.14"]
[EventType "swiss"]
[EventRounds "11"]
[EventCountry "AUS"]

1. d4 Nf6 2. Nf3 c5 3. c3 d5 4. g3 Nc6 5. Bg2 Bf5 6. O-O e6 7. Nbd2 Be7 8. dxc5
Bxc5 9. Nb3 Bd6 10. Nbd4 Be4 11. Qa4 Qd7 12. Bg5 O-O 13. Bxf6 gxf6 14. Nd2 Bxg2
15. Kxg2 Ne5 16. Qxd7 Nxd7 17. e4 dxe4 18. Nxe4 Be7 19. f4 f5 20. Nd2 Rac8 21.
Rfe1 Bf6 22. N2f3 Nc5 23. Rad1 a6 24. Ne5 Rc7 25. Ndf3 Rfc8 26. Rd4 b5 27. Red1
Na4 28. R4d2 Be7 29. a3 Nc5 30. Nd4 Rb7 31. Ndc6 Bf6 32. Na5 Rbb8 33. Nec6 Rb6
34. Nb4 Be7 35. Kf3 Kf8 36. h3 Rc7 37. g4 Nb7 38. Nxb7 Rcxb7 39. gxf5 a5 40.
Nc2 b4 41. axb4 axb4 42. Nd4 bxc3 43. bxc3 Rc7 44. Rd3 Bf6 45. fxe6 fxe6 46.
Re1 Kf7 47. Rde3 Bxd4 48. cxd4 Rd7 49. Ke4 Rb4 50. Rd3 Rb5 51. Red1 Rbd5 52.
Rg1 Kf6 53. Rg4 Ra7 54. Rh4 h5 55. Ke3 1/2-1/2

[Event "Aust Junior Open "]
[Site "Perth "]
[Date "2004.01.19"]
[Round "6.12"]
[White "Song, Raymond"]
[Black "Vijaykumar, Rukman"]
[Result "0-1"]
[WhiteElo "1790"]
[BlackElo "1577"]
[PlyCount "78"]
[EventDate "2004.01.14"]
[EventType "swiss"]
[EventRounds "11"]
[EventCountry "AUS"]

1. e4 e5 2. Nf3 Nf6 3. Nxe5 d6 4. Nf3 Nxe4 5. d4 d5 6. Bd3 Be7 7. O-O Nc6 8. c4
Nb4 9. Be2 Bf5 10. a3 Nc6 11. Nc3 Nxc3 12. bxc3 O-O 13. Bf4 Na5 14. Nd2 c5 15.
Re1 Bf6 16. Be5 Bxe5 17. dxe5 d4 18. cxd4 cxd4 19. Nb3 d3 20. Nxa5 d2 21. Nxb7
dxe1=Q+ 22. Qxe1 Qe7 23. Bf3 Rab8 24. Nd6 Bg6 25. Bd5 Rb2 26. g3 Rfb8 27. Qc3
Rc2 28. Qd4 Rbb2 29. Rf1 h6 30. Qc5 Kh7 31. Qc8 Rd2 32. h4 Rxd5 33. cxd5 Qxe5
34. Nc4 Qc3 35. d6 Be4 36. Kh2 Qf3 37. Ne3 Qxe3 38. Kg1 Rxf2 39. Rxf2 Qe1+ 0-1

[Event "Aust Junior Open "]
[Site "Perth "]
[Date "2004.01.19"]
[Round "6.13"]
[White "Lattimore, Tor"]
[Black "Kaspar, Ric"]
[Result "0-1"]
[WhiteElo "1765"]
[BlackElo "1436"]
[PlyCount "64"]
[EventDate "2004.01.14"]
[EventType "swiss"]
[EventRounds "11"]
[EventCountry "AUS"]

1. e4 e5 2. Nf3 Nf6 3. Bc4 Nxe4 4. Nc3 Nxc3 5. dxc3 Bc5 6. Bxf7+ Kf8 7. Qd5 Qe7
8. Bg5 Qxf7 9. Qxc5+ d6 10. Qe3 Be6 11. O-O Nc6 12. Bh4 h6 13. Bg3 Ke8 14. Rfe1
Rd8 15. b4 a6 16. a4 Ne7 17. c4 Bxc4 18. Bxe5 Kd7 19. b5 Nf5 20. Qc3 axb5 21.
axb5 Bxb5 22. Rad1 Kc8 23. Nd4 Nxd4 24. Bxd4 Rhe8 25. Bxg7 Rg8 26. Bd4 Bc6 27.
f3 Bxf3 28. Rd2 Bc6 29. Ra1 Kd7 30. Rf2 Rxg2+ 31. Rxg2 Bxg2 32. Kxg2 Rg8+ 0-1

[Event "Aust Junior Open "]
[Site "Perth "]
[Date "2004.01.19"]
[Round "6.14"]
[White "Colic, Igor"]
[Black "Cronan, James"]
[Result "1-0"]
[WhiteElo "1332"]
[BlackElo "1760"]
[PlyCount "73"]
[EventDate "2004.01.14"]
[EventType "swiss"]
[EventRounds "11"]
[EventCountry "AUS"]

1. e4 d5 2. exd5 Qxd5 3. Nf3 Nf6 4. Nc3 Qa5 5. d3 Bg4 6. Be2 e6 7. Bd2 c6 8.
Ne4 Qc7 9. Nxf6+ gxf6 10. Bc3 Nd7 11. Nd4 Bxe2 12. Qxe2 O-O-O 13. O-O-O Qf4+
14. Qe3 Qh4 15. g3 Qh3 16. Ba5 Re8 17. Nxc6 b6 18. Nxa7+ Kb7 19. Nb5 Bh6 20. f4
Kc6 21. Nd4+ Kc7 22. Bb4 Qh5 23. Qf3 Qxf3 24. Nxf3 Ra8 25. d4 Ra4 26. Ba3 b5
27. c3 Kb6 28. Kc2 Rc8 29. Kb3 Nb8 30. d5 exd5 31. Rxd5 Nc6 32. Bb4 Nxb4 33.
cxb4 Bf8 34. a3 Ra7 35. Nd4 Re7 36. Rxb5+ Ka6 37. Ka4 1-0

[Event "Aust Junior Open "]
[Site "Perth "]
[Date "2004.01.19"]
[Round "6.15"]
[White "Chu, Louis"]
[Black "Ikeda, Junta"]
[Result "0-1"]
[WhiteElo "1125"]
[BlackElo "1705"]
[PlyCount "114"]
[EventDate "2004.01.14"]
[EventType "swiss"]
[EventRounds "11"]
[EventCountry "AUS"]

1. d4 d5 2. c4 e6 3. Nc3 c5 4. cxd5 exd5 5. Nf3 Nc6 6. Bg5 Qa5 7. e3 h6 8. Bh4
Be7 9. Bg3 Nf6 10. Bd3 O-O 11. O-O a6 12. dxc5 Bxc5 13. Bc2 Be6 14. Bb3 Rfd8
15. Ne2 Bg4 16. Ne5 Bh5 17. Nxc6 bxc6 18. Qc2 Rac8 19. Nf4 Bg4 20. h3 Bd7 21.
Nd3 Be7 22. Ne5 Be8 23. Ba4 c5 24. Bxe8 Rxe8 25. a3 c4 26. Nf3 Ne4 27. Be5 Bf6
28. Bxf6 Nxf6 29. Nd4 Re7 30. Rac1 Rec7 31. f3 g6 32. Kh1 Qb6 33. Rfd1 Nd7 34.
Ne2 Rc5 35. Rd4 Ne5 36. Rb1 Nd3 37. Nc1 Qc7 38. Nxd3 cxd3 39. Qxd3 Rc1+ 40.
Rxc1 Qxc1+ 41. Kh2 Qxb2 42. Rxd5 Rc2 43. Qf1 Rf2 44. Qg1 Rxf3 45. Rd1 Qe5+ 46.
Kh1 Rxe3 47. Ra1 Qe4 48. Kh2 Qe5+ 49. Kh1 Qe4 50. Kh2 h5 51. Qd1 Qe5+ 52. Kh1
Kg7 53. a4 Qe4 54. Kh2 Re2 55. Qf1 g5 56. Ra3 Qe5+ 57. Kh1 Re1 0-1